| 000 | 00764nas a2200265Ia 4500 | ||
|---|---|---|---|
| 001 | dg41-2177 [d000002286] | ||
| 003 | IT-MiCISF | ||
| 008 | 161014c99999999xx |||||||||||| ||und|| | ||
| 040 |
_aIT-MiCISF _cIT-MiCISF |
||
| 041 | _aITALIANO | ||
| 100 | _aMasiero Gabriele | ||
| 210 | _aAlba | ||
| 222 | _aAlba | ||
| 245 | 0 | _aUn ministro a tempo | |
| 250 | _a1a ed. | ||
| 260 | _c1995 | ||
| 501 |
_bCISF - Centro Internazionale Studi Famiglia - Via Giotto, 36 20145 MILANO (non commercial uses only) _cCopyright 2016 |
||
| 300 | _app. 7-13 | ||
| 362 | _a n. 11 17 marzo [1995] | ||
| 500 | _a Tema: politica-familiare, politiche-sociali | ||
| 650 |
_apolitica familiare _vintervista |
||
| 700 | _aAA.VV. | ||
| 942 | _cCR | ||
| 957 | _71 | ||
| 999 |
_a2177 _bSi _g1 _c218819 _d218819 |
||